00655nam a2200157 a 450000100100000000500170001000800410002704000250006824501360009324600130022926000450024230000200028704900090030795201640031699900170048000003313820200930070043.0110817s1913 dr 000 0 spa d aDO-SdBNPbspacBNPHU00aPrograma de la velada que en homenaje del poeta Gastón F. Deligne se celebro en San Pedro de Macorís el 17 de frebrero de 1913.10aPrograma aSan Pedro de Macorís :b[s.n.],c1913. a96 p. ;c22 cm. aBNPD 001050718RVaPDbPDcCTd2011-08-17iLF1l0o p33138-10r2020-06-25w2020-06-25y1zPerteneció a la biblioteca personal de Martínez BoogZNo se presta c32629d32629